Дел о конкурсе на занятие кафедр восточных языков в Неаполитанском королевском институте

Доступно только в Электронных читальных залах Найти на картеНа карте
RUSMARC
00003675nmc2a22002413x 450
001962f59f8-6bd2-465c-a720-f1b7b4b833ef
00520211224063455.0
100##$a20210804l18901890k l0rusy0189 ca
1010#$arus
102##$aRU
105##$ay###
1222#$ad
2001#$aДел о конкурсе на занятие кафедр восточных языков в Неаполитанском королевском институте
$j12 апреля - 4 мая 1890 г.
215##$a8 л.
$d36,5х26 см
251##$cДело
300##$aДело
371##$aДокумент не является опубликованным и широко распространяемым
461#0$1001a74412a3-3cc5-4d21-8f0a-dfe2fbd9e72d
$12001
$aДепартамент народного просвещения Министерства народного просвещения (1803-1917)
$1251
$cФонд
$1852
$j733
462#0$1001b33464f2-4bc4-41e3-b4bc-525e855f0eb0
$12001
$aДела разряда общих дел Министерства народного просвещения
$1251
$cОпись
$1852
$j194
801#0$aRU
$bРГИА
$c20210804
$gRCR
801#1$aRU
$bГлавНИВЦ
$c20210804
$2rusmarc
801#2$aRU
$bПБ им. Б.Н. Ельцина
$c20211224
$gRCR
$2rusmarc
850##$aРГИА
852##$aРГИА
$eФедеральное казенное учреждение "Российский государственный исторический архив" (РГИА)
$j1086
937##$hРГИА
$d12367959
$aASBIBLIO_SCAN
035##$aRusGRCC00034404
856##$uhttp://readingroom.main.prlib.ru/item.aspx?id_node=n172092911&mode=full
Формат отображения